000 01260nam a2200301Ia 4500
005 20211108100032.0
008 130821s1994 ck gr spa
020 _a9589276725
040 _aCO-BoUCM
_bspa
_cJose A. Gerena (modificó)
_d[Nuevo]
041 _aspa
110 1 _aColombia.
_bConsejería Presidencial para la Modernización del Estado
_970027
245 _aGobernabilidad y reforma del estado
_cEditores Jorge Hernán; Cardenas Santa María, William Zambrano Cetina
260 _aBogotá (Cundinamarca, Colombia)
_bLa consejería
_c1994
300 _a551 páginas
650 0 7 _aAdministración pública
_9355
650 0 7 _aCambio organizacional
_zColombia
_97360
650 0 7 _aCorrupción administrativa
_zColombia
_990965
650 0 7 _aDescentralización administrativa
_zColombia
_927839
650 0 7 _aEstado
_97594
650 0 7 _aIntervención del estado
_zColombia
_9103978
650 0 7 _aReforma administrativa
_zColombia
_931758
651 4 _aColombia
_xAdministración pública
_927454
690 _aAdministración pública
_9355
700 1 _aCárdenas Santamaría, Jorge Hernán
_eeditor
_970045
700 1 _aZambrano Cetina, William
_eeditor
_963916
942 _cLIBRO
_a16
_e1
_mC65h
_2DEWEY
_h350
_n0
999 _c3731
_d3731